000 00853nam a22002777a 4500
001 BR2024001970
003 BR-BrBNA
005 20240717153005.0
008 240717b bl.||||| |||| 00| 0 por d
040 _aBR-BrBNA
_bpor
041 _apor
072 _aD50 ; E14
090 _aD50 BR2024001970
110 _aSuperintendência do Desenvolvimento da Amazônia, Belém, PA (Brasil). Assessoria de Programação e Coordenação
_910050
245 _aDecreto-Lei n. 756, de 11 de agosto de 1969; Decreto n. 67.527, de 11 de novembro de 1970
260 _aBelém, PA (Brasil)
_c1971
300 _a71 p.
_b23 cm
650 _aAMAZÔNIA
650 _aINVESTIMENTO
650 _aTRIBUTAÇÃO
650 _aIMPOSTO DE RENDA
650 _aPOLÍTICA DE DESENVOLVIMENTO
650 _aLEGISLAÇÃO
909 _a202407
_bFernando
942 _cBK
999 _c300569
_d300569